Państwa w których katolicy stanowią co najmniej 50% społeczeństwa - Statystyki

Ogólne statystyki
  • Ten quiz został rozwiązany 316 razy
  • Średni wynik to 30 z 53
Statystyki odpowiedzi
% Państwo % Poprawnych
85.8-92.9 Polska
99%
100 Watykan
96%
74-87.7 Włochy
94%
66-70 Hiszpania
91%
47-66 Francja
89%
62 Słowacja
86%
81-88 Portugalia
85%
54-65 Brazylia
84%
62.9-71 Argentyna
82%
90.5-97 San Marino
80%
80-84.9 Meksyk
77%
77.2-83 Litwa
74%
45-66.6 Chile
72%
86.3 Chorwacja
72%
54.9 Austria
71%
70.9-79 Kolumbia
71%
67-73 Wenezuela
68%
57.1-58 Belgia
67%
74-76 Peru
67%
37.2-62 Węgry
67%
88.2 Andora
66%
82.3 Monako
65%
78.3 Irlandia
63%
75.9-81.7 Liechtenstein
62%
63.8-65.9 Luksemburg
61%
88.3-89 Paragwaj
61%
73.1 Słowenia
60%
70-77 Boliwia
59%
77-80.4 Ekwador
59%
55-70 Panama
59%
84.4-93 Malta
58%
51.7-60 Kuba
57%
58.1 Dominika
52%
80.6-86 Filipiny
52%
46-71.8 Kostaryka
51%
48-57 Dominikana
48%
54.7-56.8 Haiti
47%
39-50 Salwador
46%
43-50 Gwatemala
45%
40-55 Nikaragua
45%
36.8-55.8 Demokratyczna Republika Konga
43%
33.1-52.9 Kongo
38%
41.1-60 Angola
28%
61.3 Saint Lucia
28%
97.57-98.3 Timor Wschodni
25%
50 Gabon
22%
77.3 Republika Zielonego Przylądka
21%
73.5 Wyspy Świętego Tomasza i Książęca
18%
80.7 Gwinea Równikowa
17%
76.2 Seszele
17%
62.1 Burundi
15%
55.8-57.3 Kiribati
12%
52.6-55 Mikronezja
8%
Nie znaleziono quizów pasujących do podanych kryteriów
Rozkład punktacji
Procent ludzi z każdym wynikiem
Percentyl według liczby udzielonych odpowiedzi
Twoja historia wyników
Nie rozwiązałeś tego quizu